<?xml version="1.0" encoding="UTF-8"?><OAI-PMH xmlns="http://www.openarchives.org/OAI/2.0/" xmlns:xsi="http://www.w3.org/2001/XMLSchema-instance"     xsi:schemaLocation="http://www.openarchives.org/OAI/2.0/ http://www.openarchives.org/OAI/2.0/OAI-PMH.xsd"><responseDate>2026-05-16T05:33:04Z</responseDate><request verb="GetRecord" identifier="oai:regmurcia.com:fintegr.945" metadataPrefix="marc21">http://oai.regmurcia.com/oai2/oai2.php</request><GetRecord><record><header><identifier>oai:regmurcia.com:fintegr.945</identifier><datestamp>2026-05-16</datestamp><setSpec>documentos</setSpec></header><metadata><record  xmlns="http://www.loc.gov/MARC21/slim" xmlns:xsi="http://www.w3.org/2001/XMLSchema-instance" xsi:schemaLocation="http://www.loc.gov/MARC21/slim http://www.loc.gov/standards/marcxml/schema/MARC21slim.xsd" type="Bibliographic"><leader>00000nam a2200000   4500</leader><controlfield tag="001" >005073122</controlfield><controlfield tag="003" >945</controlfield><controlfield tag="004" >A00000000</controlfield><datafield tag="245" ind1=" " ind2=" "><subfield code="a">Sentencias sobre téminos y usos comunes de Murcia dadas por el Bachiller Luis Pérez de Palencia</subfield></datafield><datafield tag="300" ind1=" " ind2=" "><subfield code="c">300 x 210 mm</subfield></datafield><datafield tag="300" ind1=" " ind2=" "><subfield code="a">45 fol.</subfield></datafield><datafield tag="351" ind1=" " ind2=" "><subfield code="a">Unidad Documental compuesta</subfield><subfield code="c">Archivo de Murcia. Array</subfield><subfield code="a">Unidad Documental compuesta</subfield><subfield code="c">Archivo de Murcia. Array</subfield></datafield><datafield tag="351" ind1=" " ind2=" "><subfield code="b">Nº 15</subfield></datafield><datafield tag="506" ind1=" " ind2=" "><subfield code="a">Acceso restringido</subfield></datafield><datafield tag="520" ind1=" " ind2=" "><subfield code="a">Sentencias dadas por el Bachiller Luis Pérez de Palencia en los litigios sobre términos y usos comunales entre Murcia y :&lt;/br&gt;- Cartagena por el Ricón de San Ginés&lt;/br&gt;- Alhama por Punta de Hinchola&lt;/br&gt;- Alhama por  Dehesa Nueva&lt;/br&gt;- Librilla por Torre Mocha&lt;/br&gt;- Cartagena por el Campo de Cartagena&lt;/br&gt;- Rodrigo de Arróniz por los pastos de Zeneta&lt;/br&gt;- Pedro Lillo por comunidad de pastos en el Campo de Cartagena&lt;/br&gt;- Gómez de Villaseñor de Arróniz por los pastos de Campillo&lt;/br&gt;- Juan de Huete por comunidad de pastos en el Campo de Cartagena&lt;/br&gt;- Francisco Bernal  por comunidad de pastos en el Campo de Cartagena&lt;/br&gt;- Juan Péres Calvilo por los pastos de Cotillas&lt;/br&gt;- Diego Hurtado por comunidad de pastos en el Campo de Cartagena&lt;/br&gt;- Juan de Cascales por los pastos de Fortuna&lt;/br&gt;- Alfonso Hurtado por comunidad de Pastos en el Campo de Cartagena&lt;/br&gt;- Pedro de Cervellera por comunidad de pastos en el Campo de Cartagena&lt;/br&gt;- Carlos de Guevara por el uso comunal del Armarjal&lt;/br&gt;- Familia Guevara por el uso comunal del Armarjal&lt;/br&gt;- Pedro de Roca  por el uso comunal del Armarjal&lt;/br&gt;- Cartagena por el Campo Nubla</subfield></datafield><datafield tag="583" ind1=" " ind2=" "><subfield code="u">http://www.regmurcia.com/servlet/s.Sl?METHOD=VERDOCUMENTO&amp;sit=serv,Carmesi&amp;n=/01/2131/indice.djvu</subfield></datafield><datafield tag="592" ind1=" " ind2=" "><subfield code="a">1498</subfield></datafield><datafield tag="592" ind1=" " ind2=" "><subfield code="d">1498-12-31 00:00:00</subfield></datafield><datafield tag="786" ind1=" " ind2=" "><subfield code="o">http://www.regmurcia.com/servlet/s.Sl?METHOD=VERDOCUMENTO&amp;sit=serv,Carmesi&amp;n=/01/2131/indice.djvu</subfield></datafield><datafield tag="856" ind1=" " ind2=" "><subfield code="u">http://www.regmurcia.com/servlet/s.Sl?METHOD=DETALLE&amp;sit=c,373,m,139,serv,Carmesi&amp;id=945</subfield></datafield></record></metadata></record></GetRecord></OAI-PMH>
